ბათუმის შოთა რუსთაველის სახელმწიფო უნივერსიტეტის ბიბლიოთეკა

უცხო სიტყვათა ლექსიკონი / (ბიბ.ჩანაწერი № 52975)

000 -ლიდერი
ფიქსირებული სიგრძის საკონტროლო ველი 01357nam a2200277Ia 4500
001 - საკონტროლო ნომერი
საკონტროლო ველი 20006
003 - საკონტროლო ნომრის იდენტიფიკატორი
საკონტროლო ველი GE_BSU
005 - ბოლო ოპერაციის თარიღი და დრო
საკონტროლო ველი 20200528221057.0
008 - ფიქსირებული სიგრძის მონაცემთა ელემენტები - ზოგადი ინფორმაცია
ფიქსირებული სიგრძის საკონტროლო ველი 181216s1989||||ge |||||||||||||| ||geo||
040 ## - კატალოგიზაციის წყარო
Transcribing agency GE_BSU
041 ## - ენის კოდი
Language code of text/sound track or separate title geo
080 ## - უნივერსალური ათობითი კლასიფიკაციის ინდექსი
Universal Decimal Classification number 81'374.25=353.1 ჭ-12
100 ## - მთავარი ჩანაწერი - პიროვნების სახელი
Personal name ჭაბაშვილი, მიხეილ
9 (RLIN) 8169
245 ## - ცნობა სათაურის შესახებ
Title უცხო სიტყვათა ლექსიკონი /
Statement of responsibility, etc მიხეილ ჭაბაშვილი [შეადგინა და წინასიტყვ. დაურთო] ; რედ. : ი. ქვაჩახია, დ. ოდიშარია.
250 ## - გამოცემის ცნობა
Edition statement მე-3 შესწორებული და შევსებული გამოცემა
264 ## - წარმოების, გამოცემის, დისტრიბუციის და სხვა ცნობები
გამოცემის, წარმოების, დისტრიბუციის... ადგილი თბილისი :
გამოცემის, წარმოების, დისტრიბუციის... სახელწოდება განათლება,
გამოცემის, წარმოების, დისტრიბუციის... თარიღი 1989.
300 ## - ფიზიკური აღწერა
Extent 600 გვ. ;
Dimensions 16 სმ.
300 ## - ფიზიკური აღწერა
Other physical details სახელთა საძიებელი: გვ. 63-68.
501 ## - შენიშვნა თანმხლებ მასალაზე
With note სახელთა საძიებელი : გვ. 63-68
653 ## - INDEX TERM--UNCONTROLLED
Uncontrolled term ლექსიკონი
653 ## - INDEX TERM--UNCONTROLLED
Uncontrolled term უცხო სიტყვათა ლექსიკონი
700 ## - ADDED ENTRY--PERSONAL NAME
Personal name ქვაჩახია, ი.
Relator term რედაქტორი
9 (RLIN) 8257
700 ## - ADDED ENTRY--PERSONAL NAME
Personal name ოდიშარია, დ.
Relator term რედაქტორი
9 (RLIN) 8258
942 ## - ADDED ENTRY ELEMENTS (KOHA)
Koha item type წიგნი
Source of classification or shelving scheme
ეგზემპლარები
ჩამოწერის სტატუსი დაკარგული ეგზემპლარის სტატუსი კლასიფიკაციის წყარო ან თაროზე გაწყობის სქემა დაზიანების სტატუსი არ გაიცემა მუდმივი მდებარეობა (დაცვის ადგილი) ამჟამინდელი ადგილსამყოფელი თაროზე განთავსების ადგილი შეძენის თარიღი ღირებულება, შესყიდვის ნორმალური ფასი სრული შენახვის შიფრი შტრიხკოდი ბოლო ოპერაციის თარიღი ეგზემპლარის მიმდევრობითი ნომერი (კეტერი?) ფასის ძალაში შესვლის თარიღი ეგზემპლარის სახეობა საჯარო შენიშვნა
          ბათუმის შოთა რუსთაველის სახელმწიფო უნივერსიტეტის მთავარი ბიბლიოთეკა ბათუმის შოთა რუსთაველის სახელმწიფო უნივერსიტეტის მთავარი ბიბლიოთეკა წიგნსაცავი 2018-12-17 18.00 81'374.25=353.1 ჭ-12 52732 2018-12-17 52732 2018-12-17 წიგნი 18.00 ლ
          ბათუმის შოთა რუსთაველის სახელმწიფო უნივერსიტეტის მთავარი ბიბლიოთეკა ბათუმის შოთა რუსთაველის სახელმწიფო უნივერსიტეტის მთავარი ბიბლიოთეკა წიგნსაცავი 2018-12-17 10.00 81'374.25=353.1 ჭ-12 52807 2018-12-17 52807 2018-12-17 წიგნი 10.00 ლ